| 000 | 00635cam a22002057a 4500 | ||
|---|---|---|---|
| 003 | OSt | ||
| 005 | 20150721130946.0 | ||
| 008 | 150212s 2015 spc 000 0 spa|d | ||
| 017 | _aDL B 2258-2015 | ||
| 020 | _a9788447539109 | ||
| 040 | _cCDMR | ||
| 100 | 1 |
_aVila-Sanjuán, Sergio, _d1957- |
|
| 245 | 1 | 0 | _aUna crónica del periodismo cultural |
| 260 |
_aBarcelona _bPublicacions i Edicions de la Universitat de Barcelona _c2015 |
||
| 300 |
_a120 p. : _bil. ; _c21 cm |
||
| 648 | 9 |
_aS. XX _2thub |
|
| 650 | 7 |
_aCultura _xRevistes _xHistòria _yS. XX _2lemac |
|
| 650 | 0 | 0 |
_aPeriodisme _zEspanya _xHistòria _yS. XX _2lemac _9382 |
| 942 | _cMON | ||
| 999 |
_c6877 _d6877 |
||